000 00907nam a2200253Ia 4500
003 OSt
005 20220923211057.0
006 a|||||r|||| 00| 0
007 ta
008 Pun
020 _a8177701088 (hbk)
_c200
024 _a238,181
037 _b237, 17/12/2008, N. R. Book Distributors
_cTextual
040 _aARTS
_cARTS
_bPun
041 _2Pun
_aPun
082 _aO153k, P4
100 _aਬੇਦੀ, ਹਰਚੰਦ ਸਿੰਘ
_9156315
245 0 _aਪਰਵਾਸੀ ਪੰਜਾਬੀ ਸਾਹਿਤ
_b ਸੰਦਰਭ ਕੋF
260 _aਅੰਮ੍ਰਿਤਸਰ
_b ਗੁਰੂ ਨਾਨਕ ਦੇਵ ਯੂਨੀਵਰਸਿਟੀ
_c2004
300 _a326ਪੰ
_ccm.
650 _aਪੰਜਾਬੀ ਸਾਹਿਤ
942 _hO153k, P4
_cTEXL
_2CC
999 _c294888
_d294888